书目信息 |
| 题名: |
中国-东盟法律评论
|
|
| 作者: | 张晓君 主编 | |
| 分册: | 第五辑 2015年 | |
| 出版信息: | 厦门 厦门大学出版社 2016 |
|
| 页数: | 333页 | |
| 开本: | 23cm | |
| 丛书名: | ||
| 单 册: | ||
| 中图分类: | D92-53 , D933-53 | |
| 科图分类: | ||
| 主题词: | 法律--fa lv--中国--东南亚--文集 | |
| 电子资源: | ||
| ISBN: | 978-7-5615-5877-5 | |
| 000 | 01158nam0 22002651 450 | |
| 001 | 1752540406 | |
| 005 | 20170602161236.0 | |
| 010 | @a978-7-5615-5877-5@dCNY60.00 | |
| 100 | @a20161114d2016 em y0chiy50 ea | |
| 101 | 0 | @achi@aeng |
| 102 | @aCN@b350000 | |
| 105 | @ay z 000yy | |
| 106 | @ar | |
| 200 | 1 | @a中国-东盟法律评论@Azhong guo dong meng fa lv ping lun@h第五辑 2015年@dChina-ASEAN law review@h2015 Volume@f张晓君主编@zeng |
| 210 | @a厦门@c厦门大学出版社@d2016 | |
| 215 | @a333页@d23cm | |
| 300 | @a中国法学会中国-东盟法律研究中心 中国西南政法大学主办 | |
| 330 | @a本书包括共建21世纪海上丝绸之路的法律问题、亚洲基础设施银行(AIIB)相关法律问题研究、东盟国家国别网络空间立法与制度问题研究三个专题,突出反映东盟法律学者顺应时代潮流在“一带一路”大背景之下对本国法治发展中存在的问题的反思与建议,同时为21世纪海上丝绸之路的建设提供前沿性的研究成果与智力支持。 | |
| 510 | 1 | @aChina-ASEAN law review@h2015 Volume@zeng |
| 606 | 0 | @a法律@Afa lv@y中国@y东南亚@j文集 |
| 690 | @aD92-53@v5 | |
| 690 | @aD933-53@v5 | |
| 701 | 0 | @a张晓君@Azhang xiao jun@f(1969~)@4主编 |
| 801 | 0 | @aCN@bTANG WEI@c20170527 |
| 905 | @b0971168-72@dD92-53@e1554@f5 | |
| 中国-东盟法律评论.第五辑 2015年=China-ASEAN law review.2015 Volume/张晓君主编.-厦门:厦门大学出版社,2016 |
| 333页;23cm |
| 中国法学会中国-东盟法律研究中心 中国西南政法大学主办 |
| ISBN 978-7-5615-5877-5:CNY60.00 |
| 本书包括共建21世纪海上丝绸之路的法律问题、亚洲基础设施银行(AIIB)相关法律问题研究、东盟国家国别网络空间立法与制度问题研究三个专题,突出反映东盟法律学者顺应时代潮流在“一带一路”大背景之下对本国法治发展中存在的问题的反思与建议,同时为21世纪海上丝绸之路的建设提供前沿性的研究成果与智力支持。 |
| ● |
| 相关链接 |
|
|
|
|
正题名:中国-东盟法律评论
索取号:D92-53/1554
 
预约/预借
| 序号 | 登录号 | 条形码 | 馆藏地/架位号 | 状态 | 备注 |
| 1 | 0971168 | 209711686 | 第一样本阅览室/ [索取号:D92-53/1554] | 在馆 | |
| 2 | 0971169 | 209711695 | 密集书库-史法系/ [索取号:D92-53/1554] | 在馆 | |
| 3 | 0971170 | 209711702 | 第一借阅区/ [索取号:D92-53/1554] | 在馆 | |
| 4 | 0971171 | 209711711 | 第一借阅区/ [索取号:D92-53/1554] | 在馆 | |
| 5 | 0971172 | 209711720 | 第一借阅区/ [索取号:D92-53/1554] | 在馆 |